Медното гумно на прабългарите (Запис номер 163918)
[ съкратено ]
| 000 -Лидер | |
|---|---|
| Контролно поле с фиксирана дължина | 01901nam a2200397 c 4500 |
| 003 - Код на организацията, давaща контролен номер | |
| Контролно поле | BLK |
| 005 - Дата и час на последна редакция | |
| Контролно поле | 20250119004141.0 |
| 008 - Елементи от данни с фиксирана дължина | |
| fixed length control field | 180410b bul|||||r ||||||| ||bul|| |
| 010 ## - Наследен системен номер | |
| LC control number | KNG00171400000 |
| 040 ## - Източник на каталожния запис | |
| Идентификатор на билиотеката - собственик на записа | BLK |
| 041 ## - Код за език | |
| Код за езика на текст/звукозапис или на отделно заглавие | Български |
| Код за езика КДБФ | Български |
| 080 ## - УДК | |
| Текстов определител УДК | Първа българска държава. Българските земи и българската държава през ранния феодализъм (VІ в. - 1018 г. ). |
| УДК код - определител по УДК | 94(497.2)"681/1018" |
| УДК - код + определител | 94(497.2)"681/1018" |
| 080 ## - УДК | |
| Текстов определител УДК | Народни вярвания. Народни обичаи. Суеверия, свързани с годишни времена, с дома, религиозни празници и др. Нестинарство |
| УДК код - определител по УДК | 398.3 |
| УДК определител | (497.2) |
| УДК - код + определител | 398.3(497.2) |
| 100 1# - Редна дума - Автор | |
| Автор | Венедиков, Иван Йорданов |
| Авторска отговорност | първи автор |
| R(LIN) | 252681 |
| 139 ## - Редно поле | |
| Редна дума | Венедиков, Иван Йорданов |
| Авторски знак | Вен - В 46 |
| 245 10 - Сведения за заглавието | |
| Заглавие | Медното гумно на прабългарите |
| Подзаглавни данни | Изследване |
| Редно поле (дума) | Иван Йорданов Венедиков. |
| 257 ## - Страна на издаване | |
| Страна на създаване/издаване | България |
| 260 ## - Област на издателските данни | |
| Име на издателя, разпространителя и проч. | Наука и изкуство |
| Година на издаване | 1983 |
| Място на издаване, разпространение и проч. | София |
| 300 ## - Физическа характеристика | |
| Страници | 272 с. |
| Илюстрации и др. | 8 л. ил. |
| Размери/Мащаб | 22 см |
| 380 ## - Жанр | |
| Жанр | История |
| 500 ## - Общи забележки | |
| Забележка | 6115 тир. - Библиогр. с. 267-269 |
| 650 #4 - Допълнително описание по предмет – тема | |
| Основно описание – тема или топоним | Обреди и обичаи, български - езически елементи |
| 9 (RLIN) | 253886 |
| 650 #4 - Допълнително описание по предмет – тема | |
| Основно описание – тема или топоним | Религии - България - история |
| 9 (RLIN) | 253887 |
| 650 #7 - Допълнително описание по предмет – тема | |
| Основно описание – тема или топоним | България - история, средни векове |
| Източник на редна или ключова дума | |
| 9 (RLIN) | 149610 |
| 653 ## - Ключова дума – ненормативна | |
| Ключова дума | прабългари |
| 653 ## - Ключова дума – ненормативна | |
| Ключова дума | история |
| 653 ## - Ключова дума – ненормативна | |
| Ключова дума | религия |
| 653 ## - Ключова дума – ненормативна | |
| Ключова дума | езичество |
| 852 ## - Местоположение | |
| Форматна сигнатура | Цб 120428 |
| 856 4# - Електронен адрес и достъп | |
| Електронен формат | pdf - файл |
| 856 4# - Електронен адрес и достъп | |
| Електронен формат | pdf - файл |
| 999 ## - СИСТЕМНИ КОНТРОЛНИ НОМЕРА | |
| Koha biblionumber | 163918 |
| Koha biblioitemnumber | 163918 |
| 942 ## - АРТИКУЛИ | |
| Вид на библиотечния материал | Книги |
| Скрит в OPAC | Не |
| Периодичен библиозапис | Да |
| 944 ## - СЪЗДАВАНЕ И РЕДАКЦИЯ на ЗАПИСА | |
| Създаване/Редакция | Създаване |
| Дата на регистрацията/редакция | 16.02.2015 |
| Служител, извършил регистрацията/редакцията | |
| Статус, дата на статуса | CRON CRON |
| 944 ## - СЪЗДАВАНЕ И РЕДАКЦИЯ на ЗАПИСА | |
| Създаване/Редакция | Редакция |
| Дата на регистрацията/редакция | 29.08.2016 |
| Служител, извършил регистрацията/редакцията | Теодора_Стоянова |
| 999 ## - СИСТЕМНИ КОНТРОЛНИ НОМЕРА | |
| Koha biblioitemnumber | 163918 |
| Код за отписване | Код за изгубен артикул | Източник на класификационната схема | Код за повреда | Коз за рестрикции | Код за отдаване | Артикулен № | Име на библиотеката - собственик | Име на библиотеката, в която се намира в момента | Статус (Текущо местоположение) | Дата на вписване в системата | Местоположение - отдел | Цена в лева | Инвентарен номер | Систематично азбучна сигнатура | Баркод | Номер на екземпляра | Цена в евро | Служебна бележка | Служебен тип на артикула | Бележка за публиката |
|---|---|---|---|---|---|---|---|---|---|---|---|---|---|---|---|---|---|---|---|---|
| Не е изгубен | Universal Decimal Classification | Не е повреден | без рестрикции | ползва се в читалня | 275267 | Регионална библиотека "Любен Каравелов" Русе | Регионална библиотека "Любен Каравелов" Русе | Хранилище | 1983-01-01 | Хранилище | 2.96 | 374540 | Цб 120428 | 900000013015 | 1 | 1.51 | Дост: Dp Вид: Д N: стр фонд Дата: 01.01.1983 | Книги | ||
| Изтеглен | Не е изгубен | Universal Decimal Classification | Не е повреден | без рестрикции | заемане за дома | 275268 | Регионална библиотека "Любен Каравелов" Русе | Регионална библиотека "Любен Каравелов" Русе | Заемна - подръчен фонд | 1983-01-01 | Заемна - подръчен фонд | 2.96 | 623388 | П/949.72.03/В 46 | 623388 | 2 | 1.51 | Дост: Pk Вид: Ф N: стар фонд Дата: 01.01.1983 | Книги | |
| Изтеглен | Не е изгубен | Не е повреден | без рестрикции | заемане за дома | 275269 | Регионална библиотека "Любен Каравелов" Русе | Регионална библиотека "Любен Каравелов" Русе | 1983-01-01 | Заемна - подръчен фонд | 2.98 | 377513 | П/949.72.03/В 46 | 377513 | 3 | 1.52 | Дост: Pk Вид: Ф N: стар фонд Дата: 01.01.1983 | Книги | Отч.N: 6/2018 , Дата: 22.01.2018 | ||
| Изтеглен | Не е изгубен | Universal Decimal Classification | Не е повреден | без рестрикции | заемане за дома | 275270 | Регионална библиотека "Любен Каравелов" Русе | Регионална библиотека "Любен Каравелов" Русе | Заемна - подръчен фонд | 1983-01-01 | Заемна - подръчен фонд | 2.98 | 377512 | П/949.72.03/В 46 | 377512 | 4 | 1.52 | Дост: Pk Вид: Ф N: стар фонд Дата: 01.01.1983 | Книги | |
| Изтеглен | Не е изгубен | Universal Decimal Classification | Не е повреден | без рестрикции | заемане за дома | 275271 | Регионална библиотека "Любен Каравелов" Русе | Регионална библиотека "Любен Каравелов" Русе | Заемна - подръчен фонд | 1983-01-01 | Заемна - подръчен фонд | 2.98 | 377508 | П/949.72.03/В 46 | 377508 | 5 | 1.52 | Дост: Pk Вид: Ф N: стар фонд Дата: 01.01.1983 | Книги |